Propuesta de anteproyecto. Complejo Nacional escuela de Bellas Artes
Presenta un anteproyecto que contempla el diseño de un complejo Nacional de escuelas de Bellas Artes a ubicarse en la ciudad de Managua, con el fin de diseñar espacios integrales que presten las condiciones mínimas necesarias de cada ambiente. Este anteproyecto es basado en una amplia y exhaustiv...
| Main Authors: | , |
|---|---|
| Other Authors: | |
| Format: | Tesis Section = Libro |
| Language: | Undetermined Spanish |
| Published: |
Managua
UNI
2008
|
| Subjects: |
| LEADER | 01182nam a2200253Ia 4500 | ||
|---|---|---|---|
| 008 | 240830s9999 xx 000 0 und d | ||
| 040 | |a BIBLIOTECA-RUSB/ Mon 725.8042 O48 | ||
| 041 | |a spa | ||
| 082 | |a Mon 725.8042 O48 | ||
| 100 | 1 | |a Olivas Zambrano, Carlos Eduardo | |
| 100 | 1 | |b Tinoco Brenes, Rodrigo Javier | |
| 245 | 1 | 0 | |a Propuesta de anteproyecto. Complejo Nacional escuela de Bellas Artes |
| 260 | |a Managua |b UNI |c 2008 | ||
| 300 | |a 129 p. :il. | ||
| 500 | |a Contiene: anexos. | ||
| 502 | |a Tesis (Arquitecto) - UNI, 2008. | ||
| 520 | 3 | |a Presenta un anteproyecto que contempla el diseño de un complejo Nacional de escuelas de Bellas Artes a ubicarse en la ciudad de Managua, con el fin de diseñar espacios integrales que presten las condiciones mínimas necesarias de cada ambiente. Este anteproyecto es basado en una amplia y exhaustiva investigación de cada una de las disciplinas artísticas que integran este complejo Nacional. | |
| 650 | 7 | |a ARQUITECTURA - ESCUELA DE ARTES | |
| 650 | 7 | |b ESPACIO EN ARQUITECTURA | |
| 650 | 7 | |c DISTRIBUCIÓN DE ESPACIOS | |
| 700 | 1 | |a Tutor: |b Chávez Quintero, Luis Alberto | |
| 942 | |c BK |2 ddc | ||
| 991 | |a TESIS | ||
| 999 | |c 21309 | ||